| 000 | 01002nam a2200289 i 4500 | ||
|---|---|---|---|
| 001 | 000014177 | ||
| 003 | DO-SdBNP | ||
| 005 | 20260302080342.0 | ||
| 007 | ta | ||
| 008 | 091207s1953 dr 000 p spa d | ||
| 040 |
_aDO-SdBNP _bspa _cBNPHU _erda |
||
| 082 | 4 |
_aRD861.3 _bA414de _222 |
|
| 100 | 1 |
_aAlix, Juan Antonio, _d1833-1918 _eautor _911349 |
|
| 245 | 1 | 0 |
_aDécimas / _cJuan Antonio Alix ; selección y prólogo de Joaquín Balaguer. |
| 264 |
_aCiudad Trujillo, República Dominicana : _bLibreria Dominicana, _c1953. |
||
| 300 |
_a2 volumenes ; _c22 cm. |
||
| 336 |
_2rdacontent _atexto _btxt |
||
| 337 |
_2rdamedia _asin mediación _bn |
||
| 338 |
_2rdacarrier _avolumen _bnc |
||
| 490 | 0 |
_aPensamiento dominicano _v8 |
|
| 590 | _aInventariado, 2020/MFF | ||
| 650 | 4 |
_aPoesía dominicana _966 |
|
| 650 | 0 |
_aLiteratura dominicana. _967 |
|
| 700 | 1 |
_a Balaguer, Joaquín, _d1906-2002 _eprólogo _tLa moral y la literatura _976556 |
|
| 910 | _aValidado. Control de calidad MFF | ||
| 942 |
_2ddc _cLBS1 |
||
| 999 |
_c13778 _d13778 |
||